000 00371 a2200145 4500
001 166980
020 _a
040 _cMagnum
100 _aKohan, Walter Omar
240 1 0 _aFilosofia e infancia: possibilidades de um encontro - v.3
_lpor
245 1 0 _aFilosofia e infancia: possibilidades de um encontro - v.3
362 0 _a1899
697 _aFILOSOFIA
942 _cBK
999 _c166980
_d166980